| 000 | 00546nam a22002057a 4500 | ||
|---|---|---|---|
| 001 | 00255 | ||
| 003 | KOHA_MİRAKIL | ||
| 005 | 20240914231526.0 | ||
| 008 | 240915b tu ||||| |||| 00| 0 tur d | ||
| 020 | _a9786057649652 | ||
| 040 |
_aTR-AnABB _btur _cTR-AnABB |
||
| 041 | _atur | ||
| 082 |
_a813.42 _bKIL 2021 |
||
| 100 | _aKılıç, Nedret | ||
| 245 | 0 |
_aKornelyus'un ezgisi / _cNedret Kılıç. |
|
| 260 |
_aİstanbul : _bNemesis Yayınları, _c2021. |
||
| 300 |
_a453 sayfa ; _c21 cm. |
||
| 650 | _aTürk edebiyatı, roman | ||
| 942 |
_2ddc _cBK |
||
| 999 |
_c266 _d266 |
||